000 01254nam a22003377a 4500
001 52
003 FISKH
005 20231211152427.0
008 230217b cb ||||| |||| 00| 0 eng d
020 _a9780545477536
040 _aDLC
_cDLC
_dDLC
042 _alcac
050 0 0 _aPZ7.A1857
_bDal 2011
082 0 0 _a468
100 1 _aAda, Alma Flor.
245 1 0 _aDancing home /
_cAlma Flor Ada and Gabriel M. Zubizarreta.
250 _a1st ed.
260 _aNew York :
_bAtheneum Books for Young Readers,
_cc2011.
300 _a147 p. ;
_c22 cm.
500 _aBased on the poem A Margarita by Rubén Darío.
520 _aWhen Margie's cousin Lupe comes from Mexico to live in California with Margie's family, Lupe must adapt to America, while Margie, who thought it would be fun to have her cousin there, finds that she is embarrassed by her in school and jealous of her at home.
521 1 _a960
_bLexile
650 0 _aMexican Americans
_zCalifornia
_vJuvenile fiction.
650 1 _aMexican Americans
_vFiction.
650 1 _aFamily life
_vFiction.
650 1 _aCousins
_vFiction.
650 1 _aFathers and daughters
_vFiction.
700 1 _aZubizarreta, Gabriel M.
906 _a7
_bcbc
_corignew
_d1
_eecip
_f20
_gy-gencatlg
942 _2lcc
_cBK
_n0
999 _c52
_d52